000
00305nam a22001217a 4500
005
20251108174723.0
008
250721s9999 xx 000 0 eng d
100
1
_a
Afuah, Allan
245
1
0
_a
Internet Business Models and Strategies /
264
_b
Mc-Graw Hill,
942
_2
ddc
_c
REF
999
_c
116304
_d
116304